[Event "Karlstad op"]
[Site "Karlstad"]
[Date "2024.12.30"]
[Round "8"]
[White "Jonsson, Magnus"]
[Black "Veltkamp, Bastiaan"]
[Result "1-0"]
[WhiteElo "1996"]
[BlackElo "2221"]
[PlyCount "67"]
[EventDate "2024.12.27"]
[EventType "swiss"]
[EventRounds "8"]
[EventCountry "SWE"]
[SourceTitle "CB01_2025"]
[SourceDate "2025.01.01"]
[SourceVersion "1"]
[SourceVersionDate "2025.01.01"]
[SourceQuality "1"]

1. e4 c6 2. d4 d5 3. Nc3 dxe4 4. Nxe4 Bf5 5. Ng3 Bg6 6. Nf3 Nd7 7. h4 h6 8. h5 Bh7 9. Bd3 Bxd3 10. Qxd3 e6 11. Bf4 Qa5+ 12. Bd2 Bb4 13. Ne4 Qb6 14. Bxb4 Qxb4+ 15. c3 Qxb2 16. Nd6+ Ke7 17. Rb1 Qxa2 18. Nxf7 Kxf7 19. Rxb7 Qa1+ 20. Ke2 Qa2+ 21. Ke3 Ngf6 22. Ne5+ Ke7 23. Nxd7 Nd5+ 24. Kf3 Kd6 25. Kg3 Nc7 26. Ne5 Rhf8 27. f3 Rf5 28. f4 Raf8 29. Rf1 Rxh5 30. c4 Rc8 31. c5+ Ke7 32. Qg6 Rf5 33. Qxg7+ Ke8 34. Qd7+ 1-0

[Event "Karlstad op"]
[Site "Karlstad"]
[Date "2024.12.29"]
[Round "7"]
[White "Lilliehook, Victor"]
[Black "Jonsson, Magnus"]
[Result "0-1"]
[WhiteElo "1982"]
[BlackElo "1996"]
[PlyCount "78"]
[EventDate "2024.12.27"]
[EventType "swiss"]
[EventRounds "8"]
[EventCountry "SWE"]
[SourceTitle "CB01_2025"]
[SourceDate "2025.01.01"]
[SourceVersion "1"]
[SourceVersionDate "2025.01.01"]
[SourceQuality "1"]

1. e4 e6 2. d3 d5 3. Nd2 c5 4. Ngf3 Nc6 5. g3 Nf6 6. Bg2 g6 7. 0-0 Bg7 8. Re1 0-0 9. c3 dxe4 10. dxe4 e5 11. Qc2 Qc7 12. a4 Na5 13. Bf1 c4 14. b4 cxb3 15. Nxb3 Nxb3 16. Qxb3 Be6 17. Qc2 Rac8 18. Ba3 Rfd8 19. Rad1 h6 20. Rxd8+ Rxd8 21. c4 Bg4 22. Nd2 Qa5 23. Bd3 Nd7 24. Rb1 Bf8 25. Bxf8 Nxf8 26. Rxb7 Be2 27. Rb3 Ne6 28. Rc3 Nd4 29. Qb2 Qxa4 30. Bc2 Qd7 31. Kg2 Nxc2 32. Rxc2 Bd1 33. Nf3 Bxc2 34. Qxc2 Qd3 35. Qc1 Qxe4 36. c5 Rd3 37. c6 Qxf3+ 38. Kh3 Rd4 39. c7 Rh4+ 0-1